000
00201nam a22001097a 4500
041
_a
eng
080
_a
80
100
_a
Flower, Raymond
245
_a
Motor sports.
650
_a
History
999
_c
279478
_d
279478
942
_c
BK